The Kingdom of God (Record no. 50785)
[ view plain ]
| 000 -LEADER | |
|---|---|
| fixed length control field | 01638nam a22002657a 4500 |
| 005 - DATE AND TIME OF LATEST TRANSACTION | |
| control field | 20220304142750.0 |
| 008 - FIXED-LENGTH DATA ELEMENTS--GENERAL INFORMATION | |
| fixed length control field | 211213b ||||| |||| 00| 0 eng d |
| 020 ## - INTERNATIONAL STANDARD BOOK NUMBER | |
| International Standard Book Number | 9781533641892 |
| 020 ## - INTERNATIONAL STANDARD BOOK NUMBER | |
| International Standard Book Number | 1533641897 |
| 100 ## - MAIN ENTRY--PERSONAL NAME | |
| Personal name | Johnson, Jeffrey |
| 245 ## - TITLE STATEMENT | |
| Title | The Kingdom of God |
| Medium | [electronic resource] : |
| Remainder of title | a baptist expression of covenant and biblical theology/ |
| Statement of responsibility, etc | by Jeffrey D. Johnson |
| 260 ## - PUBLICATION, DISTRIBUTION, ETC. (IMPRINT) | |
| Place of publication, distribution, etc | Conway, Ark : |
| Name of publisher, distributor, etc | Free Grace Press, |
| Date of publication, distribution, etc | c2016. |
| 300 ## - PHYSICAL DESCRIPTION | |
| Extent | 1 online resource (191 pages) ; |
| Dimensions | 23 cm. |
| 336 ## - CONTENT TYPE | |
| Content Type Term | text |
| 337 ## - MEDIA TYPE | |
| Media Type Term | computer |
| 338 ## - CARRIER TYPE | |
| Carrier Type Term | online resource |
| 504 ## - BIBLIOGRAPHY, ETC. NOTE | |
| Bibliography, etc | Includes bibliographical references (pages 261-266). |
| 505 ## - FORMATTED CONTENTS NOTE | |
| Formatted contents note | The Kingdom of God & Covenant theology: The dichotomous nature of the Abrahamic Covenant ; The wording of the Abrahamic Covenant ; Abraham's two seeds ; Abraham's physical seed ; Abraham's spiritual seed ; New Testament affirmation ; The dual covenantal framework of Romans ; The separation of law & gospel. The Kingdom of God & Biblical theology : The rise of the Kingdom ; The fall of the Kingdom ; The hope of the Kingdom ; The hope of the Kingdom preserved ; The promise to restore the Kingdom ; The high cost of restoring the Kingdom ; The priest of the Kingdom ; The king of the Kingdom ; The inauguration of the Kingdom ; The consummation of the Kingdom --<br/>Appendix : The fatal flaw of the new perspective(s) on Paul. |
| 650 ## - SUBJECT ADDED ENTRY--TOPICAL TERM | |
| Topical term or geographic name as entry element | Bible |
| 650 ## - SUBJECT ADDED ENTRY--TOPICAL TERM | |
| Topical term or geographic name as entry element | Bible |
| Form subdivision | Theology |
| 650 ## - SUBJECT ADDED ENTRY--TOPICAL TERM | |
| Topical term or geographic name as entry element | Covenant |
| Form subdivision | theology |
| General subdivision | Biblical teaching |
| 655 #4 - INDEX TERM--GENRE/FORM | |
| Genre/form data or focus term | Electronic books |
| 856 ## - ELECTRONIC LOCATION AND ACCESS | |
| Uniform Resource Identifier | <a href="https://drive.google.com/file/d/11Ivbo4NwbPTkCpm5T6v7cwje8-mI3KPG/view?usp=sharing">https://drive.google.com/file/d/11Ivbo4NwbPTkCpm5T6v7cwje8-mI3KPG/view?usp=sharing</a> |
| 942 ## - ADDED ENTRY ELEMENTS (KOHA) | |
| Source of classification or shelving scheme | Library of Congress Classification |
| Item type | eBooks |
| Withdrawn status | Lost status | Source of classification or shelving scheme | Damaged status | Not for loan | Home library | Current library | Date acquired | Inventory number | Total Checkouts | Date last seen | Price effective from | Koha item type |
|---|---|---|---|---|---|---|---|---|---|---|---|---|
| Library of Congress Classification | BSOP Library | Digital Library | 05/09/2024 | eB-00396 | 05/09/2024 | 05/09/2024 | eBooks |
